LEADER 01100nas 2200397 c 450 001 9910893525003321 005 20260218110252.0 024 7 $aurn:nbn:de:bsz:16-diglit-58267 035 $a(CKB)5280000000197376 035 $a(DE-599)ZDB2582866-6 035 $a(OCoLC)730033197 035 $a(DE-101)1008528951 035 $a(DE-599)2582866-6 035 $a(EXLCZ)995280000000197376 100 $a20101123b18371840 |y | 101 0 $aeng 135 $aur||||||||||| 181 $ctxt$2rdacontent 182 $cc$2rdamedia 183 $acr$2rdacarrier 200 00$a˜Theœ oriental annual$econtaining a series of tales, legends, & historical romances$fby Hobart Caunter 210 31$aLondon$cTilt$d1837-1840 215 $aOnline-Ressource 608 $aZeitschrift$2gnd-content 676 $a950 676 $a890 676 $a390 686 $a6,24$2ssgn 702 $aCaunter$b John Hobart$f1794-1854$4ctb 801 0$b0016 801 1$bDE-101 801 2$b9999 906 $aJOURNAL 912 $a9910893525003321 996 $aOriental annual$94242479 997 $aUNINA